The Wit and Humor of America, Volume VII. (of X.) (Record no. 248580)
[ view plain ]
| 000 -LEADER | |
|---|---|
| fixed length control field | 02146cam a22002533a 4500 |
| 001 - CONTROL NUMBER | |
| control field | 19325 |
| 003 - CONTROL NUMBER IDENTIFIER | |
| control field | PGUSA |
| 005 - DATE AND TIME OF LATEST TRANSACTION | |
| control field | 20140828083417.0 |
| 008 - FIXED-LENGTH DATA ELEMENTS--GENERAL INFORMATION | |
| fixed length control field | 060918s2006||||xxu|||||s|||||000 | eng d |
| 040 ## - CATALOGING SOURCE | |
| Original cataloging agency | PGUSA |
| Language of cataloging | eng |
| 042 ## - AUTHENTICATION CODE | |
| Authentication code | dc |
| 050 #4 - LIBRARY OF CONGRESS CALL NUMBER | |
| Classification number | PN |
| 245 14 - TITLE STATEMENT | |
| Title | The Wit and Humor of America, Volume VII. (of X.) |
| Medium | [electronic resource] |
| 260 ## - PUBLICATION, DISTRIBUTION, ETC. (IMPRINT) | |
| Name of publisher, distributor, etc | Project Gutenberg, |
| Date of publication, distribution, etc | 2006 |
| 505 0# - FORMATTED CONTENTS NOTE | |
| Formatted contents note | Alphabet of Celebrities, by Herford -- Assault and Battery, by Baldwin -- The Associated Widows, by Roof -- Bill Nations, by Arp -- The Brakeman at Church, by Burdette -- Breitmann and the Turners, by Leland -- By Bay and Sea, by Bangs -- The Camp-Meeting, by Hall -- The Critic, by Lampton -- A Cupid, A Crook, by Townsend -- The Dubious Future, by Nye -- An Educational Project, by Greene -- Fable, by Emerson -- The Goat, by Munkittrick -- The Happy Land, by Batchelder -- He and She, by Ironquill -- Holly Song, by Scollard -- How Mr. Terrapin Lost His Beard, by Culbertson -- How Mr. Terrapin Lost His Plumage and Whistle, by Culbertson -- In Defense of an Offering, by Ford -- It is Time to Begin to Conclude, by Laidlaw -- Jack Balcomb's Pleasant Ways, by Nicholson -- The Lost Inventor, by Irwin -- Margins, by Burdette -- My Cigarette, by Lummis -- Nonsense Verses, by Burgess -- Notary of Perigueux, by Longfellow -- Nothin' Done, by Stinson -- Omar in the Klondyke, by Sutherland -- The Prayer of Cyrus Brown, by Foss -- A Rhyme for Christmas, by Challing -- The Siege of Djklxprwbz, by Ironquill -- The Skeleton in the Closet, by Hale -- Songs Without Words, by Burdette -- Talk, by Paul -- Triolets -- Two Cases of Grip, by Quad -- Utah, by Field -- The Wicked Zebra, by Batchelder -- Winter Fancy, by Munkittrick -- What She Said About It, by Paul -- The Woman-Hater Reformed, by Greene -- Women and Bargains, by Allen. |
| 506 ## - RESTRICTIONS ON ACCESS NOTE | |
| Terms governing access | Public domain in the USA. |
| 516 ## - TYPE OF COMPUTER FILE OR DATA NOTE | |
| Type of computer file or data note | Electronic text |
| 653 ## - INDEX TERM--UNCONTROLLED | |
| Uncontrolled term | American wit and humor |
| 653 ## - INDEX TERM--UNCONTROLLED | |
| Uncontrolled term | American literature -- Humor |
| 700 1# - ADDED ENTRY--PERSONAL NAME | |
| Personal name | Wilder, Marshall Pinckney, |
| Dates associated with a name | 1859-1915 |
| 830 #0 - SERIES ADDED ENTRY--UNIFORM TITLE | |
| Uniform title | Project Gutenberg |
| Volume number/sequential designation | 19325 |
| 856 40 - ELECTRONIC LOCATION AND ACCESS | |
| Uniform Resource Identifier | <a href="http://www.gutenberg.org/ebooks/19325">http://www.gutenberg.org/ebooks/19325</a> |
| 942 ## - ADDED ENTRY ELEMENTS (KOHA) | |
| Koha item type | eBooks |
| Withdrawn status | Lost status | Damaged status | Home library | Current library | Date acquired | Total Checkouts | Date last seen | Price effective from | Koha item type |
|---|---|---|---|---|---|---|---|---|---|
| Project Gutenberg | Project Gutenberg | 08/28/2014 | 08/28/2014 | 08/28/2014 | eBooks |